000 00821nam a22002777a 4500
001 BR6002564
003 BR-BrBNA
005 20230928083131.0
007 ta
008 230509b bl.||||| |||| 00| 0 por d
040 _aBR-BrBNA
_bpor
_cBiblioteca Nacional de Agricultura
041 _a(Por)
072 _aE70; F00
_b0332
_b0331
_b/G514
090 _ 0332 BR6002564
110 1 _aMinisterio da Agricultura, Rio de Janeiro, GB (Brasil). Equipe Tecnica de Estatistica Agropecuaria
_96950
245 1 _aPrecos medios recebidos pelos produtores 1960-67 [Brasil]
260 3 _aRio de Janeiro, GB (Brasil):
_c1969.
300 _a10 p.
500 _a5 illus.
650 _aAMENDOIM
650 _aMAMONA
650 _aPRECO MEDIO
650 _aPRECO RECEBIDO
909 _a202309
_bLucia
_c55
_dLucia Elande
942 _cBK
999 _c11743
_d11743